000 00835nam a2200241 i 4500
001 bg
245 0 0 _aSelected problems of structural mechanics, machine design, production enginnering, motor and railway vehicles, organic chemistry /
_cCracow University of Technology and Technical University of Budapest.
260 _aCracow :
_bPK,
_c1995.
300 _a337 s. ;
_c24 cm.
500 _aAnniversary issue vol. no. 3.
504 _aBibliogr. przy art.
650 9 _aTechnika
_xzagadnienia
650 9 _aTechnologia chemiczna
_xzagadnienia
650 9 _aTworzywa sztuczne
_xzagadnienia
650 9 _aAnaliza numeryczna
_xstosowanie
_xtechnika
020 _a8390387883
040 _cBPK
041 0 _aen
080 _a62-1/-8+66.01:678
920 _a83-903878-8-3
942 _cKS
008 s pl f |000 0 pol
999 _c30707
_d30707
856 _uhttp://koha.tu.koszalin.pl/cgi-bin/koha/opac-detail.pl?biblionumber=30707
_yKatalog online BPK